[Event "Baltic Zonal III Stage 2018"]
[Site "Liepaja"]
[Date "2018.07.12"]
[Round "5"]
[White "Sirosh, Ilja"]
[Black "Kovalenko, Igor"]
[Result "0-1"]
[WhiteElo "2339"]
[BlackElo "2624"]
[Annotator "TA"]
[PlyCount "104"]
[EventDate "2018.07.09"]
[EventType "swiss"]
[EventCountry "LAT"]
[SourceTitle "playchess.com"]
[Source "ChessBase"]
[SourceQuality "1"]

{[%evp 23,104,22,73,73,52,46,100,72,129,116,166,102,104,105,102,102,90,81,92,62,67,84,71,65,98,53,57,56,68,70,72,58,58,62,83,0,0,0,0,0,106,113,166,-31,0,0,0,0,-18,-480,0,0,57,52,135,-233,-212,-1220,-343,-347,-313,-433,-425,-547,-527,-503,-504,-598,-581,-545,-544,-514,-491,-621,-605,-621,-620,-603,-548,-1181,-905,-1529,-1574]} 1. d4 Nf6 2. c4 g6 3. g3 Bg7 4. Bg2 O-O 5. Nc3 d6 6. Nf3 Nc6 7. O-O a6 8. b3 Rb8 9. d5 Na5 {E63: Königsindisch (6...Sc6)} 10. Bg5 (10. Bd2 c5 11. dxc6 Nxc6 12. Qc1 Bd7 13. Bh6 b5 14. Bxg7 Kxg7 15. cxb5 axb5 16. Qb2 Kg8 17. b4 Qb6 18. Rfd1 Rfc8 {½-½ (77) Inarkiev,E (2689)-Zhao,J (2604) Riadh 2017}) 10... h6 11. Bd2 c5 12. dxc6 bxc6 {LiveBook: 3 Partien} (12... Nxc6 $11 13. Qc1 Kh7) 13. Qc1 $16 Kh7 14. c5 $146 ({Vorgänger:} 14. e4 Nd7 15. Qc2 c5 16. Rad1 Nc6 17. Ne2 Nb4 18. Qb1 Qa5 {0-1 (56) Ivanov,M (2408)-Selbes,T (2279) Nis 2015}) 14... d5 (14... Bd7 $14) 15. Bf4 {[%cal Bd2f4,Bf4e5,Be5c3][%mdl 32]} Rb4 ({Besser ist} 15... Rb7) 16. Be5 Bd7 17. Rd1 (17. Qa3 $18 Rb7 18. Rad1) 17... Nb7 18. Na4 Re4 19. Bc3 Qc7 20. e3 Bg4 21. h3 Bxf3 22. Bxf3 Re6 23. Qb2 Rg8 24. Kg2 h5 25. h4 Nd8 26. b4 Ne4 27. Bxg7 Rxg7 28. Nc3 f5 $1 29. Nxe4 (29. a4 $1 $16) 29... fxe4 $11 30. Be2 Nf7 31. Bxa6 g5 (31... Rf6 $11 {hält das Gleichgewicht.}) 32. Rh1 $1 $36 {[%mdl 2048] Schwarz steht unter starkem Druck.} Reg6 (32... Rf6 $16 {ist wohl besser.}) 33. Kf1 $2 (33. hxg5 $18 Rxg5 34. Rh3) 33... Ne5 34. Be2 Rf6 $1 35. hxg5 Rxg5 {Weiss muss nun ...Txf2+! beachten.} 36. Bxh5 $2 {[%mdl 8192]} ({Falsch wäre} 36. Rxh5+ $2 Rxh5 37. Bxh5 Nd3 $19) (36. Rh3 $11) 36... Rh6 $2 (36... Kg8 $1 $19 37. Rd1 Nc4) 37. Qe2 $11 Nd3 ({Lieber} 37... Qb8 $11) 38. Kg2 $1 $14 Kg7 39. Be8 $2 {[%mdl 8192]} (39. Raf1 $16) 39... Rf6 $19 {[%mdl 1024] Schwarz hat starke Kompensation.} 40. Raf1 $2 {[#]} (40. Rh5 Rxh5 41. Qg4+ Kf8 42. Bxh5) 40... Rf3 $2 (40... Nxf2 $1 {[%mdl 512]} 41. Qxf2 (41. Rxf2 Qxg3+) 41... Rxf2+ 42. Kxf2 Qxg3+ 43. Ke2 Qg2+ 44. Kd1 Qb2 45. Rf7+ Kg8) 41. Rh3 Rgf5 42. Kg1 {[#]} Qc8 $1 {[%cal Rc8e8] Schwarz steht klar auf Gewinn.} 43. Bh5 {Und weiter mit Lg4 wäre nett.} Nxf2 $1 44. Bxf3 Nxh3+ 45. Kh2 {zielt auf Lg4 ab.} Rxf3 46. Rxf3 exf3 47. Qxf3 {beabsichtigt Dh5.} Ng5 48. Qf4 Kg6 49. g4 {[#]} e5 $1 {[%cal Be7e5,Be5e4][%mdl 32]} 50. Qg3 (50. Qxe5 Nf3+) 50... Qa8 51. Qg2 Qh8+ 52. Kg1 e4 {Precision: Weiß = 48%, Schwarz = 57%.} 0-1

[Event "Baltic Zonal III Stage 2018"]
[Site "Liepaja"]
[Date "2018.07.12"]
[Round "5"]
[White "Chukavin, Kirill"]
[Black "Rogule, Laura"]
[Result "1-0"]
[WhiteElo "2303"]
[BlackElo "2320"]
[Annotator "NA"]
[PlyCount "79"]
[EventDate "2018.07.09"]
[EventType "swiss"]
[EventCountry "LAT"]
[SourceTitle "playchess.com"]
[Source "ChessBase"]
[SourceQuality "1"]
[TimeControl "5400+30"]

1. e4 {[%emt 0:00:25]} c5 {[%emt 0:00:00]} 2. Nf3 {[%emt 0:00:09]} Nc6 {[%emt 0:00:00]} 3. d4 {[%emt 0:00:07]} cxd4 {[%emt 0:00:00]} 4. Nxd4 {[%emt 0:00:04]} Nf6 {[%emt 0:00:09]} 5. Nc3 {[%emt 0:00:08]} d6 {[%emt 0:00:23]} 6. Bg5 {[%emt 0:00:08]} e6 {[%emt 0:02:58]} 7. Qd2 {[%emt 0:00:15]} a6 {[%emt 0:04:54]} 8. O-O-O {[%emt 0:00:30]} Bd7 {[%emt 0:13:20]} 9. f4 {[%emt 0:00:23]} b5 {[%emt 0:06:07]} 10. Bxf6 {[%emt 0:01:18]} gxf6 {[%emt 0:01:45]} 11. Kb1 {[%emt 0:00:22]} Qb6 {[%emt 0:02:03]} 12. Nce2 {[%emt 0:00:22]} O-O-O {[%emt 0:07:02]} 13. g3 {[%emt 0:05:11]} Kb8 {[%emt 0:24:41]} 14. Bg2 {[%emt 0:06:12]} Rc8 {[%emt 0:01:36]} 15. f5 {[%emt 0:09:07]} h5 {[%emt 0:11:03]} 16. fxe6 {[%emt 0:03:33]} fxe6 {[%emt 0:01:15]} 17. Bh3 {[%emt 0:02:24]} Nd8 {[%emt 0:05:51]} 18. Qd3 {[%emt 0:10:04]} Bh6 {[%emt 0:02:20]} 19. Rhf1 {[%emt 0:00:10]} Bg5 {[%emt 0:00:46]} 20. Nf4 {[%emt 0:12:00]} Bxf4 {[%emt 0:00:16]} 21. gxf4 {[%emt 0:00:06]} Rg8 {[%emt 0:02:17]} 22. Qf3 {[%emt 0:00:06]} Rc4 {[%emt 0:02:05]} 23. c3 {[%emt 0:05:16]} b4 {[%emt 0:00:50]} 24. Ka1 {[%emt 0:00:36]} bxc3 {[%emt 0:00:41]} 25. bxc3 {[%emt 0:00:06]} Ka7 {[%emt 0:03:29]} 26. Rb1 {[%emt 0:01:29]} Qa5 {[%emt 0:00:26]} 27. Rfc1 {[%emt 0:02:37]} Re8 {[%emt 0:02:13]} 28. Nb3 {[%emt 0:06:00]} Qc7 {[%emt 0:00:06]} 29. Bf1 {[%emt 0:01:19]} Rc6 {[%emt 0:00:19]} 30. c4 {[%emt 0:02:22]} Rh8 {[%emt 0:01:46]} 31. Qe3+ {[%emt 0:02:47]} Ka8 {[%emt 0:00:06]} 32. e5 {[%emt 0:00:44]} dxe5 {[%emt 0:02:00]} 33. fxe5 {[%emt 0:00:31]} Rg8 {[%emt 0:01:40]} 34. exf6 {[%emt 0:04:06]} Qxh2 {[%emt 0:00:27]} 35. Na5 {[%emt 0:01:48]} Rc7 {[%emt 0:01:55]} 36. Rb2 {[%emt 0:01:41]} Qd6 {[%emt 0:00:24]} 37. Bg2+ {[%emt 0:00:14]} Rxg2 {[%emt 0:00:39]} 38. Rxg2 {[%emt 0:00:06]} Rc5 {[%emt 0:00:27]} 39. Rg8 {[%emt 0:01:26]} Bc8 {[%emt 0:00:32]} 40. Rxd8 {[%emt 0:01:33]} 1-0

[Event "Baltic Zonal III Stage 2018"]
[Site "Liepaja"]
[Date "2018.07.12"]
[Round "5"]
[White "Haavamae, Henrik"]
[Black "Pedoson, Georg Aleksander"]
[Result "1/2-1/2"]
[WhiteElo "2185"]
[BlackElo "2176"]
[Annotator "NA"]
[PlyCount "26"]
[EventDate "2018.07.09"]
[EventType "swiss"]
[EventCountry "LAT"]
[SourceTitle "playchess.com"]
[Source "ChessBase"]
[SourceQuality "1"]
[TimeControl "5400+30"]

1. d4 {[%emt 0:01:13]} Nf6 {[%emt 0:00:00]} 2. c4 {[%emt 0:00:14]} g6 {[%emt 0:00:00]} 3. Nc3 {[%emt 0:00:09]} d5 {[%emt 0:00:00]} 4. Nf3 {[%emt 0:00:26]} Bg7 {[%emt 0:00:00]} 5. Bg5 {[%emt 0:00:11]} Ne4 {[%emt 0:00:00]} 6. Bf4 {[%emt 0:00:09]} Nxc3 {[%emt 0:00:02]} 7. bxc3 {[%emt 0:00:07]} c5 {[%emt 0:00:17]} 8. e3 {[%emt 0:00:10]} O-O {[%emt 0:00:06]} 9. cxd5 {[%emt 0:00:10]} cxd4 {[%emt 0:00:02]} 10. cxd4 {[%emt 0:00:10]} Qxd5 {[%emt 0:00:03]} 11. Be2 {[%emt 0:00:11]} Qa5+ {[%emt 0:00:02]} 12. Qd2 {[%emt 0:00:08]} Qxd2+ {[%emt 0:00:05]} 13. Kxd2 {[%emt 0:00:09]} Nc6 {[%emt 0:00:02]} 1/2-1/2

[Event "Baltic Zonal III Stage 2018"]
[Site "Liepaja"]
[Date "2018.07.13"]
[Round "6"]
[White "Kovalenko, Igor"]
[Black "Sulskis, Sarunas"]
[Result "1-0"]
[WhiteElo "2624"]
[BlackElo "2507"]
[Annotator "ChessBase"]
[PlyCount "65"]
[EventDate "2018.07.09"]
[EventType "swiss"]
[EventCountry "LAT"]
[SourceTitle "playchess.com"]
[Source "ChessBase"]
[SourceQuality "1"]
[TimeControl "5400+30"]

1. d4 {[%emt 0:00:00]} Nf6 {[%emt 0:00:00]} 2. Nf3 {[%emt 0:00:00]} d5 {[%emt 0:01:04]} 3. c4 {[%emt 0:00:00]} e6 {[%emt 0:00:10]} 4. Nc3 {[%emt 0:00:00]} dxc4 {[%emt 0:00:16]} 5. e4 {[%emt 0:00:03]} Bb4 {[%emt 0:00:21]} 6. Bxc4 {[%emt 0:00:04]} Nxe4 {[%emt 0:00:07]} 7. O-O {[%emt 0:00:03]} Nxc3 {[%emt 0:08:00]} 8. bxc3 {[%emt 0:00:04]} Bd6 {[%emt 0:00:07]} 9. Ng5 {[%emt 0:01:48]} h6 {[%emt 0:03:59]} 10. Qh5 {[%emt 0:02:28]} O-O {[%emt 0:01:07]} 11. Ne4 {[%emt 0:02:25]} f5 {[%emt 0:02:06]} 12. Nxd6 {[%emt 0:01:53]} cxd6 {[%emt 0:00:37]} 13. Re1 {[%emt 0:05:42]} d5 {[%emt 0:09:59]} 14. Bb3 {[%emt 0:00:34]} Nc6 {[%emt 0:07:39]} 15. Bf4 {[%emt 0:08:09]} Bd7 {[%emt 0:06:19]} 16. Re3 {[%emt 0:06:36]} Qf6 {[%emt 0:02:37]} 17. Rae1 {[%emt 0:00:24]} Kh7 {[%emt 0:02:27]} 18. Ba4 {[%emt 0:04:23]} g5 {[%emt 0:16:16]} 19. Bd6 {[%emt 0:00:26]} Rfc8 {[%emt 0:04:05]} 20. c4 {[%emt 0:11:59]} g4 {[%emt 0:07:42]} 21. Bxc6 {[%emt 0:19:05]} Rxc6 {[%emt 0:01:33]} 22. Be5 {[%emt 0:00:03]} Qg6 {[%emt 0:04:25]} 23. Qh4 {[%emt 0:07:58]} Qg5 {[%emt 0:00:41]} 24. Qg3 {[%emt 0:00:01]} Rxc4 {[%emt 0:00:26]} 25. h3 {[%emt 0:00:12]} Rg8 {[%emt 0:03:33]} 26. hxg4 {[%emt 0:00:12]} Qxg4 {[%emt 0:02:36]} 27. Qh2 {[%emt 0:00:02]} Rg6 {[%emt 0:04:02]} 28. Rg3 {[%emt 0:05:01]} Qe2 {[%emt 0:00:51]} 29. Rf1 {[%emt 0:02:24]} Rc8 {[%emt 0:08:47]} 30. Qh4 {[%emt 0:01:23]} Rxg3 {[%emt 0:00:28]} 31. Qe7+ {[%emt 0:00:27]} Kg6 {[%emt 0:00:20]} 32. fxg3 {[%emt 0:00:38]} Qe3+ {[%emt 0:02:00]} 33. Kh2 {[%emt 0:00:10]} 1-0

[Event "Baltic Zonal III Stage 2018"]
[Site "Liepaja"]
[Date "2018.07.13"]
[Round "6"]
[White "Neiksans, Arturs"]
[Black "Klabis, Rokas"]
[Result "1-0"]
[WhiteElo "2567"]
[BlackElo "2347"]
[Annotator "ChessBase"]
[PlyCount "87"]
[EventDate "2018.07.09"]
[EventType "swiss"]
[EventCountry "LAT"]
[SourceTitle "playchess.com"]
[Source "ChessBase"]
[SourceQuality "1"]
[TimeControl "5400+30"]

1. d4 {[%emt 0:00:00]} Nf6 {[%emt 0:00:00]} 2. c4 {[%emt 0:00:00]} e6 {[%emt 0:00:15]} 3. Nf3 {[%emt 0:00:00]} Bb4+ {[%emt 0:00:10]} 4. Bd2 {[%emt 0:00:05]} a5 {[%emt 0:00:51]} 5. Qc2 {[%emt 0:04:48]} O-O {[%emt 0:06:16]} 6. e4 {[%emt 0:03:50]} d6 {[%emt 0:09:17]} 7. Nc3 {[%emt 0:06:09]} Nc6 {[%emt 0:28:26]} 8. a3 {[%emt 0:09:19]} Bxc3 {[%emt 0:00:12]} 9. Bxc3 {[%emt 0:00:04]} Qe7 {[%emt 0:02:35]} 10. e5 {[%emt 0:06:05]} dxe5 {[%emt 0:00:42]} 11. dxe5 {[%emt 0:00:05]} Nd7 {[%emt 0:01:49]} 12. Bd3 {[%emt 0:00:34]} h6 {[%emt 0:06:12]} 13. h4 {[%emt 0:11:32]} Rd8 {[%emt 0:09:41]} 14. Bh7+ {[%emt 0:00:49]} Kf8 {[%emt 0:01:09]} 15. Be4 {[%emt 0:01:04]} Nc5 {[%emt 0:09:20]} 16. Bxc6 {[%emt 0:04:30]} Nd3+ {[%emt 0:00:47]} 17. Kf1 {[%emt 0:00:48]} bxc6 {[%emt 0:00:34]} 18. Rd1 {[%emt 0:06:25]} Ba6 {[%emt 0:03:44]} 19. Rxd3 {[%emt 0:00:23]} Bxc4 {[%emt 0:00:38]} 20. Bd4 {[%emt 0:00:04]} Bxd3+ {[%emt 0:00:53]} 21. Qxd3 {[%emt 0:00:04]} Kg8 {[%emt 0:02:11]} 22. Qc2 {[%emt 0:02:23]} c5 {[%emt 0:02:19]} 23. Bc3 {[%emt 0:01:56]} Rd5 {[%emt 0:02:35]} 24. g3 {[%emt 0:01:08]} Qd7 {[%emt 0:00:21]} 25. Kg2 {[%emt 0:00:50]} Qb5 {[%emt 0:01:05]} 26. Qe4 {[%emt 0:00:41]} Rad8 {[%emt 0:00:48]} 27. Re1 {[%emt 0:00:23]} a4 {[%emt 0:01:12]} 28. h5 {[%emt 0:01:30]} Qa6 {[%emt 0:00:43]} 29. Qc2 {[%emt 0:01:56]} Qb5 {[%emt 0:00:15]} 30. Qe4 {[%emt 0:03:00]} Qa6 {[%emt 0:01:10]} 31. g4 {[%emt 0:00:05]} Qb5 {[%emt 0:00:32]} 32. g5 {[%emt 0:00:41]} hxg5 {[%emt 0:00:58]} 33. Nxg5 {[%emt 0:00:16]} f5 {[%emt 0:02:54]} 34. Qf3 {[%emt 0:14:00]} Rd3 {[%emt 0:00:33]} 35. Re3 {[%emt 0:00:05]} Qc4 {[%emt 0:00:42]} 36. Rxd3 {[%emt 0:00:21]} Qxd3 {[%emt 0:00:39]} 37. Qxd3 {[%emt 0:00:04]} Rxd3 {[%emt 0:00:03]} 38. Nxe6 {[%emt 0:00:06]} Kf7 {[%emt 0:00:38]} 39. Nf4 {[%emt 0:00:55]} Rd1 {[%emt 0:00:52]} 40. e6+ {[%emt 0:00:04]} Kg8 {[%emt 0:00:16]} 41. e7 {[%emt 0:00:54]} Kf7 {[%emt 0:00:07]} 42. Ng6 {[%emt 0:00:11]} f4 {[%emt 0:01:06]} 43. Bxg7 {[%emt 0:00:26]} Rd5 {[%emt 0:00:25]} 44. Be5 {[%emt 0:00:16]} 1-0

[Event "Baltic Zonal III Stage 2018"]
[Site "Liepaja"]
[Date "2018.07.13"]
[Round "6"]
[White "Meskovs, Nikita"]
[Black "Laurusas, Tomas"]
[Result "1/2-1/2"]
[WhiteElo "2540"]
[BlackElo "2465"]
[Annotator "TA"]
[PlyCount "99"]
[EventDate "2018.07.09"]
[EventType "swiss"]
[EventCountry "LAT"]
[SourceTitle "playchess.com"]
[Source "ChessBase"]
[SourceQuality "1"]

{[%evp 20,99,42,35,39,20,17,0,0,3,6,11,18,-7,-12,-43,-35,-43,-36,-26,0,0,0,0,0,0,0,0,27,23,82,72,72,62,69,54,56,60,60,68,94,89,86,60,55,11,12,0,0,0,0,0,-4,-13,-13,-13,-10,-21,0,-13,0,-12,0,0,0,0,0,0,0,-6,-6,-10,-4,-4,0,0,0,0,0,0,0,0]} 1. Nf3 d5 2. g3 Nf6 3. Bg2 c6 4. O-O Bg4 5. d3 e6 6. Nbd2 Bc5 {A07: Réti Opening: New York and Capablanca Systems} (6... Be7 7. h3 Bh5 8. e4 O-O 9. Qe1 a5 10. Nh2 dxe4 11. dxe4 e5 12. Nc4 Nfd7 13. a4 Na6 14. Ng4 f6 15. Nge3 Nb4 16. Bd2 b6 {1-0 (41) Caruana,F (2804)-So,W (2770) Paris 2016}) 7. Qe1 Nbd7 8. e4 dxe4 9. dxe4 e5 10. h3 Bh5 11. Nh4 {LiveBook: 5 Games} O-O 12. Nf5 Bg6 13. Nc4 $146 ({Predecessor:} 13. Nb3 Bb6 14. a4 a5 {½-½ (38) Hambleton,A (2479)-Fenil,S (2362) Douglas 2017}) 13... Bxf5 14. exf5 Re8 15. b4 Bf8 16. Bb2 Nb6 17. Rd1 ({But not} 17. Nxe5 Nc4 $17) 17... Qc8 $1 18. Ne3 Nfd5 19. Bc3 a5 20. bxa5 Nxc3 21. Qxc3 Na4 $1 {[%cal Ra4c3]} 22. Qd2 e4 23. Rfe1 Nc5 24. h4 Qd8 {[#]} (24... Be7 $11 {keeps the balance.}) 25. Qxd8 $1 $16 Rexd8 26. Rxd8 Rxd8 27. Nc4 Rd4 28. Bf1 Be7 29. Rb1 g6 30. fxg6 hxg6 31. Be2 Bd8 32. Kf1 (32. a6 $5 bxa6 33. Rb8 $16) 32... Bc7 {The position is equal.} 33. c3 Rd8 34. a6 bxa6 35. Rd1 Rb8 36. Ke1 f5 37. Kd2 Kf7 38. Kc2 Ke6 39. Ne3 Rd8 40. Rd4 a5 (40... Rf8 {seems wilder.} 41. Rc4 Bd6 42. h5 gxh5 43. Bxh5 Kf6) 41. Bc4+ Kf6 42. Rxd8 Bxd8 $11 {[%mdl 4096] Endgame KBN-KBN} 43. Kd2 Nd7 44. Nc2 Ne5 45. Be2 Bb6 46. Nd4 g5 47. hxg5+ Kxg5 48. f4+ exf3 $1 49. Nxf3+ Nxf3+ 50. Bxf3 {Precision: White = 63%, Black = 60%.} 1/2-1/2

[Event "Baltic Zonal III Stage 2018"]
[Site "Liepaja"]
[Date "2018.07.13"]
[Round "6"]
[White "Kantans, Toms"]
[Black "Kanep, Meelis"]
[Result "1/2-1/2"]
[WhiteElo "2529"]
[BlackElo "2440"]
[Annotator "ChessBase"]
[PlyCount "128"]
[EventDate "2018.07.09"]
[EventType "swiss"]
[EventCountry "LAT"]
[SourceTitle "playchess.com"]
[Source "ChessBase"]
[SourceQuality "1"]
[TimeControl "5400+30"]

1. e4 {[%emt 0:00:00]} c5 {[%emt 0:01:04]} 2. Nf3 {[%emt 0:00:01]} Nc6 {[%emt 0:00:12]} 3. d4 {[%emt 0:00:17]} cxd4 {[%emt 0:00:08]} 4. Nxd4 {[%emt 0:00:05]} Qb6 {[%emt 0:00:09]} 5. Nb3 {[%emt 0:02:40]} Nf6 {[%emt 0:00:39]} 6. Nc3 {[%emt 0:02:32]} e6 {[%emt 0:00:31]} 7. Qe2 {[%emt 0:03:09]} Bb4 {[%emt 0:03:39]} 8. Bd2 {[%emt 0:00:07]} O-O {[%emt 0:00:40]} 9. a3 {[%emt 0:00:45]} Be7 {[%emt 0:00:18]} 10. O-O-O {[%emt 0:01:40]} d5 {[%emt 0:00:42]} 11. exd5 {[%emt 0:05:58]} Nxd5 {[%emt 0:02:24]} 12. Qf3 {[%emt 0:15:39]} Nxc3 {[%emt 0:09:49]} 13. Bxc3 {[%emt 0:00:05]} e5 {[%emt 0:00:08]} 14. Bc4 {[%emt 0:02:33]} Be6 {[%emt 0:14:02]} 15. Bxe6 {[%emt 0:00:24]} fxe6 {[%emt 0:00:04]} 16. Qg4 {[%emt 0:00:06]} Qxf2 {[%emt 0:00:35]} 17. Qxe6+ {[%emt 0:00:07]} Qf7 {[%emt 0:02:18]} 18. Qxf7+ {[%emt 0:07:49]} Rxf7 {[%emt 0:00:39]} 19. Nd2 {[%emt 0:02:22]} Rf2 {[%emt 0:08:46]} 20. g3 {[%emt 0:00:23]} Bg5 {[%emt 0:00:13]} 21. Kb1 {[%emt 0:00:28]} Bxd2 {[%emt 0:00:09]} 22. Rxd2 {[%emt 0:00:13]} Rxd2 {[%emt 0:01:51]} 23. Bxd2 {[%emt 0:00:02]} Rf8 {[%emt 0:02:24]} 24. Be3 {[%emt 0:00:15]} Rf3 {[%emt 0:00:44]} 25. Re1 {[%emt 0:00:17]} Kf7 {[%emt 0:02:20]} 26. c4 {[%emt 0:04:20]} Na5 {[%emt 0:09:41]} 27. Bxa7 {[%emt 0:03:38]} Nxc4 {[%emt 0:03:33]} 28. Kc2 {[%emt 0:00:06]} Ke6 {[%emt 0:03:05]} 29. a4 {[%emt 0:02:10]} Kd5 {[%emt 0:12:59]} 30. Rd1+ {[%emt 0:12:41]} Kc6 {[%emt 0:00:44]} 31. Rd8 {[%emt 0:00:51]} Ne3+ {[%emt 0:05:18]} 32. Kd3 {[%emt 0:01:53]} Ng4+ {[%emt 0:01:01]} 33. Kc4 {[%emt 0:00:09]} Ne3+ {[%emt 0:01:05]} 34. Bxe3 {[%emt 0:03:13]} Rxe3 {[%emt 0:00:04]} 35. Rc8+ {[%emt 0:00:08]} Kb6 {[%emt 0:01:18]} 36. Rg8 {[%emt 0:07:04]} Re2 {[%emt 0:01:35]} 37. Rxg7 {[%emt 0:01:19]} Rxh2 {[%emt 0:00:51]} 38. b4 {[%emt 0:02:36]} Kc6 {[%emt 0:04:49]} 39. a5 {[%emt 0:05:10]} Rc2+ {[%emt 0:00:29]} 40. Kd3 {[%emt 0:04:25]} Rb2 {[%emt 0:01:01]} 41. Kc3 {[%emt 0:00:29]} Rg2 {[%emt 0:01:56]} 42. g4 {[%emt 0:02:08]} e4 {[%emt 0:00:50]} 43. Kd4 {[%emt 0:04:17]} Rb2 {[%emt 0:00:22]} 44. Rxh7 {[%emt 0:00:16]} Rxb4+ {[%emt 0:00:22]} 45. Ke3 {[%emt 0:00:01]} Kd5 {[%emt 0:03:50]} 46. Rh5+ {[%emt 0:02:37]} Ke6 {[%emt 0:00:15]} 47. Rh6+ {[%emt 0:00:48]} Kd5 {[%emt 0:03:05]} 48. Rh5+ {[%emt 0:00:34]} Ke6 {[%emt 0:00:06]} 49. Rf5 {[%emt 0:00:28]} b6 {[%emt 0:00:43]} 50. axb6 {[%emt 0:01:07]} Rxb6 {[%emt 0:00:01]} 51. Kxe4 {[%emt 0:00:06]} Rb7 {[%emt 0:01:20]} 52. Kf4 {[%emt 0:00:09]} Rg7 {[%emt 0:00:14]} 53. Ra5 {[%emt 0:03:15]} Rg8 {[%emt 0:00:02]} 54. Rf5 {[%emt 0:02:14]} Rg7 {[%emt 0:00:03]} 55. Rb5 {[%emt 0:00:46]} Rg8 {[%emt 0:00:03]} 56. Rb6+ {[%emt 0:00:27]} Kf7 {[%emt 0:00:12]} 57. Kf5 {[%emt 0:00:21]} Ra8 {[%emt 0:01:00]} 58. Rb7+ {[%emt 0:00:11]} Kg8 {[%emt 0:00:15]} 59. Re7 {[%emt 0:00:20]} Ra6 {[%emt 0:00:27]} 60. Re6 {[%emt 0:00:05]} Rxe6 {[%emt 0:01:19]} 61. Kxe6 {[%emt 0:00:10]} Kg7 {[%emt 0:00:06]} 62. Kf5 {[%emt 0:00:22]} Kf7 {[%emt 0:00:05]} 63. Kg5 {[%emt 0:00:13]} Kg7 {[%emt 0:00:06]} 64. Kf5 {[%emt 0:00:03]} Kf7 {[%emt 0:00:06]} 1/2-1/2

[Event "Baltic Zonal III Stage 2018"]
[Site "Liepaja"]
[Date "2018.07.13"]
[Round "6"]
[White "Ladva, Ottomar"]
[Black "Malisauskas, Vidmantas"]
[Result "0-1"]
[WhiteElo "2498"]
[BlackElo "2432"]
[Annotator "RC"]
[PlyCount "122"]
[EventDate "2018.07.09"]
[EventType "swiss"]
[EventCountry "LAT"]
[SourceTitle "playchess.com"]
[Source "ChessBase"]
[SourceQuality "1"]
[TimeControl "5400+30"]

1. Nf3 {[%emt 0:01:10]} Nf6 {[%emt 0:06:29]} 2. d4 {[%emt 0:00:52]} g6 {[%emt 0:00:09]} 3. g3 {[%emt 0:00:05]} Bg7 {[%emt 0:00:11]} 4. Bg2 {[%emt 0:00:07]} d5 {[%emt 0:00:15]} 5. c4 {[%emt 0:01:51]} c6 {[%emt 0:00:23]} 6. O-O {[%emt 0:00:15]} O-O {[%emt 0:00:08]} 7. b3 {[%emt 0:00:37]} Ne4 {[%emt 0:07:08]} 8. Bb2 {[%emt 0:00:38]} Be6 {[%emt 0:05:33]} 9. Nbd2 {[%emt 0:03:41]} Nxd2 {[%emt 0:00:43]} 10. Nxd2 {[%emt 0:00:16]} dxc4 {[%emt 0:00:35]} 11. Nxc4 {[%emt 0:00:31]} Bd5 {[%emt 0:00:09]} 12. Qc2 {[%emt 0:08:16]} Bxg2 {[%emt 0:02:02]} 13. Kxg2 {[%emt 0:00:42]} Na6 {[%emt 0:01:13]} 14. Rad1 {[%emt 0:01:19]} f5 {[%emt 0:01:05]} 15. a3 {[%emt 0:01:47]} Nc7 {[%emt 0:00:35]} 16. f3 {[%emt 0:01:15]} f4 {[%emt 0:10:12]} 17. gxf4 {[%emt 0:02:57]} Nd5 {[%emt 0:00:43]} 18. Bc1 {[%emt 0:00:56]} Nxf4+ {[%emt 0:00:15]} 19. Bxf4 {[%emt 0:00:04]} Rxf4 {[%emt 0:00:13]} 20. e3 {[%emt 0:00:22]} Rh4 {[%emt 0:00:15]} 21. Qf2 {[%emt 0:12:56]} Rh5 {[%emt 0:03:14]} 22. f4 {[%emt 0:02:20]} Qd5+ {[%emt 0:07:49]} 23. Qf3 {[%emt 0:00:27]} Qxf3+ {[%emt 0:00:06]} 24. Rxf3 {[%emt 0:00:25]} Rd5 {[%emt 0:00:10]} 25. b4 {[%emt 0:01:08]} Rad8 {[%emt 0:07:20]} 26. Na5 {[%emt 0:09:13]} R8d7 {[%emt 0:00:15]} 27. Nb3 {[%emt 0:02:18]} e5 {[%emt 0:03:37]} 28. fxe5 {[%emt 0:12:42]} Bxe5 {[%emt 0:01:05]} 29. h3 {[%emt 0:00:37]} Bd6 {[%emt 0:04:04]} 30. e4 {[%emt 0:02:42]} Rb5 {[%emt 0:03:44]} 31. Kf2 {[%emt 0:03:04]} Bc7 {[%emt 0:01:50]} 32. Nc5 {[%emt 0:03:32]} Rf7 {[%emt 0:02:03]} 33. e5 {[%emt 0:02:51]} a5 {[%emt 0:00:30]} 34. Ke3 {[%emt 0:05:09]} axb4 {[%emt 0:01:59]} 35. a4 {[%emt 0:02:09]} Ra5 {[%emt 0:00:07]} 36. Rxf7 {[%emt 0:04:53]} Kxf7 {[%emt 0:00:47]} 37. Rf1+ {[%emt 0:00:06]} Ke8 {[%emt 0:00:57]} 38. Ke4 {[%emt 0:08:04]} Bb6 {[%emt 0:00:13]} 39. Nxb7 {[%emt 0:00:43]} Rd5 {[%emt 0:01:09]} 40. Nd6+ {[%emt 0:01:38]} Kd7 {[%emt 0:00:07]} 41. Nb5 {[%emt 0:00:54]} b3 {[%emt 0:01:48]} 42. Rf7+ {[%emt 0:01:26]} Ke6 {[%emt 0:03:18]} 43. Rf6+ {[%emt 0:00:16]} Ke7 {[%emt 0:00:14]} 44. Rxc6 {[%emt 0:01:52]} Rxb5 {[%emt 0:00:10]} 45. axb5 {[%emt 0:00:07]} b2 {[%emt 0:00:09]} 46. Rxb6 {[%emt 0:00:05]} b1=Q+ {[%emt 0:00:19]} 47. Kd5 {[%emt 0:00:03]} Qb3+ {[%emt 0:04:22]} 48. Kc5 {[%emt 0:00:45]} Qxh3 {[%emt 0:00:09]} 49. Rc6 {[%emt 0:00:44]} Qc3+ {[%emt 0:03:26]} 50. Kd5 {[%emt 0:00:02]} Qb4 {[%emt 0:00:19]} 51. Re6+ {[%emt 0:02:04]} Kf7 {[%emt 0:00:14]} 52. Rb6 {[%emt 0:01:34]} g5 {[%emt 0:02:04]} 53. Rb7+ {[%emt 0:00:03]} Kg6 {[%emt 0:00:21]} 54. b6 {[%emt 0:00:31]} g4 {[%emt 0:01:00]} 55. Rb8 {[%emt 0:00:05]} g3 {[%emt 0:02:14]} 56. b7 {[%emt 0:02:02]} Kf5 {[%emt 0:01:16]} 57. Kc6 {[%emt 0:00:46]} Qc4+ {[%emt 0:00:31]} 58. Kb6 {[%emt 0:00:05]} Qxd4+ {[%emt 0:00:12]} 59. Ka6 {[%emt 0:00:17]} Qc4+ {[%emt 0:00:51]} 60. Ka7 {[%emt 0:00:44]} g2 {[%emt 0:01:09]} 61. Rf8+ {[%emt 0:00:42]} Ke4 {[%emt 0:00:19]} 0-1